000 00531nam a22001817a 4500
003 OSt
005 20140310182944.0
008 130204t xxu||||| |||| 00| 0 eng d
020 _a9789715870405
050 _aHF 5635
_b.B345 2008
100 _aBaysa, Gloria J. Tolentino
245 _aAdvanced accounting /
_cGloria J. Tolentino-Baysa, Ma. Concepcion Yamat Lupisan
260 _aMandaluyong City :
_bMillennium Books,
_c2008.
300 _a455 p. :
_c27 cm.
_bill. ;
521 _aBSA
942 _2lcc
_cBK
_kLOC
999 _c17769
_d17769